000 00816nam a22002417a 4500
001 4709
003 FISKH
005 20241024145109.0
008 240923b cb ||||| |||| 00| 0 eng d
020 _a9781786170248
040 _aFISKH
_beng
_cFISKH
_dFISKH
050 _aPZ8.L887
082 _a853.8
100 _aCollodi, Carlo
245 _aPinocchio /
_cCarlo Collodi ; illustrated Elisa Vavouri
260 _aEssex :
_bMiles Kelly,
_c2016
300 _a320 pages :
_bcolor illustrations ;
_c17 cm
520 _aPinocchio, a wooden puppet full of tricks and mischief, with a talent for getting into and out of trouble, wants more than anything else to become a real boy.
650 _aChildren's Books
_vFairy Tales
700 _aVavouri, Elisa
_eIllustrator
942 _2ddc
_cBK
_n0
999 _c4709
_d4709